000 00455nam a2200109Ia 4500
008 160909s9999 xx 000 0 und d
100 _aOkari, Jeremiah Moruri
245 2 _aA Phenomenological Inquiry into the Experiences of Kenyan International Students in US Graduate Schools in the Twin Cities, Minnesota
260 _bSaint Mary's University of Minnesota
_c2016
650 _aNursing
856 _uhttp://pqdtopen.proquest.com/doc/1807959758.html?FMT=ABS
999 _c303935
_d303935